[Event "Airthings Masters - Torneo Preliminare"]
[Site "Internet"]
[Date "03.02.2023"]
[Round "6"]
[White "Muradli, Mahammad"]
[Black "Kozak, Adam"]
[Result "1-0"]
[WhiteTitle ""]
[BlackTitle ""]
[WhiteElo "2539"]
[BlackElo "2564"]
[WhiteFideId "13409301"]
[BlackFideId "753246"]
[EventDate "2023.02.03"]

1. d4 Nf6 2. c4 e6 3. Nf3 b6 4. g3 Bb7 5. Bg2 Bb4+ 6. Bd2 a5 7. O-O O-O 8. a3
Bxd2 9. Qxd2 d6 10. Re1 Nbd7 11. h4 h6 12. Qd3 e5 13. Nxe5 dxe5 14. Bxb7 Rb8 15.
Bf3 exd4 16. Qxd4 Nc5 17. Qxd8 Rfxd8 18. Nc3 Rd2 19. Rab1 Re8 20. Red1 Rc2 21.
Nd5 Nxd5 22. cxd5 Nb3 23. Bg4 Rc4 24. Bd7 Re5 25. Bb5 Rc5 26. Ba4 b5 27. Bxb3 a4
28. Ba2 Rxe2 29. d6 cxd6 30. Rxd6 Rcc2 31. Rd8+ Kh7 32. Rf1 Rc7 33. Rf8 Kg6 34.
h5+ Kf6 35. Rb1 b4 36. axb4 a3 37. Rxf7+ Rxf7 38. Bxf7 axb2 1-0

[Event "Airthings Masters - Torneo Preliminare"]
[Site "Internet"]
[Date "03.02.2023"]
[Round "6"]
[White "Safarli, Eltaj"]
[Black "Sarana, Alexey"]
[Result "1-0"]
[WhiteTitle ""]
[BlackTitle ""]
[WhiteElo "2608"]
[BlackElo "2668"]
[WhiteFideId "13402129"]
[BlackFideId "24133795"]
[EventDate "2023.02.03"]

1. e4 c5 2. Nc3 d6 3. Bb5+ Bd7 4. Bxd7+ Nxd7 5. f4 e6 6. Nf3 Ngf6 7. O-O Be7 8.
d3 O-O 9. Qe1 a6 10. a4 Ne8 11. Qg3 f5 12. Qh3 g6 13. Kh1 Ndf6 14. Bd2 Ng4 15.
Rae1 Ng7 16. a5 Qd7 17. b3 Rae8 18. Na4 Qc6 19. Nb6 Bd8 20. Bc3 Nh5 21. Bd2 Bxb6
22. axb6 Qxb6 23. Ng5 h6 24. Nf3 Qd8 25. d4 b6 26. d5 exd5 27. exf5 Rxe1 28.
Nxe1 Nhf6 29. fxg6 Qe8 30. Qf3 Ne4 31. Qxg4 Nxd2 32. Rg1 Qe3 33. Qd7 Rxf4 34.
Qh7+ Kf8 35. g7+ Ke8 36. g8=Q+ Rf8 37. Qgg6+ Kd8 38. Qxd6+ 1-0

[Event "Airthings Masters - Torneo Preliminare"]
[Site "Internet"]
[Date "03.02.2023"]
[Round "6"]
[White "Matinian, Nikita"]
[Black "Fedoseev, Vladimir3"]
[Result "0-1"]
[WhiteTitle ""]
[BlackTitle ""]
[WhiteElo "2407"]
[BlackElo "2674"]
[WhiteFideId "24129100"]
[BlackFideId "24130737"]
[EventDate "2023.02.03"]

1. e4 a5 2. d4 d5 3. exd5 Qxd5 4. Nc3 Qd8 5. Bc4 Nf6 6. Nf3 e6 7. Bg5 Bb4 8. O-O
h6 9. Bxf6 Qxf6 10. Ne4 Qf4 11. Qd3 Nc6 12. c3 Be7 13. Rfe1 O-O 14. Rad1 Rd8 15.
Bb3 e5 16. d5 Bg4 17. Qb5 Bxf3 18. gxf3 Na7 19. Qxb7 Bd6 20. Re3 Rdb8 21. Qa6
Nc8 22. Qc4 a4 23. Bc2 Nb6 24. Qd3 g6 25. Kh1 Nd7 26. Rg1 Kf8 27. b4 axb3 28.
axb3 Nc5 29. Nxc5 e4 30. Nd7+ Kg8 31. Nf6+ Kh8 0-1

[Event "Airthings Masters - Torneo Preliminare"]
[Site "Internet"]
[Date "03.02.2023"]
[Round "6"]
[White "Tomashevsky, Evgeny"]
[Black "Bernadskiy, Vitaliy"]
[Result "1-0"]
[WhiteTitle ""]
[BlackTitle ""]
[WhiteElo "2694"]
[BlackElo "2612"]
[WhiteFideId "4147235"]
[BlackFideId "14100371"]
[EventDate "2023.02.03"]

1. d4 d5 2. c4 e6 3. Nf3 Nf6 4. g3 Be7 5. Bg2 O-O 6. Qc2 dxc4 7. Qxc4 b6 8. Bf4
Nd5 9. O-O Ba6 10. Qc2 Nd7 11. Nc3 Nxf4 12. gxf4 c5 13. d5 exd5 14. Nxd5 Bb7 15.
Rad1 Bxd5 16. Rxd5 Qc7 17. Ng5 Bxg5 18. fxg5 Rae8 19. Rfd1 Ne5 20. Qf5 c4 21. e3
g6 22. Qf4 Qe7 23. h4 Nd3 24. Qd4 Rd8 25. b3 Rxd5 26. Bxd5 Ne5 27. bxc4 Rc8 28.
Kg2 Nc6 29. Qg4 Rc7 30. a3 Na5 31. Rd3 Qe5 32. h5 gxh5 33. Qxh5 Nxc4 34. Bxc4
Qe4+ 35. Kg3 1-0

[Event "Airthings Masters - Torneo Preliminare"]
[Site "Internet"]
[Date "03.02.2023"]
[Round "6"]
[White "Tan, Zhongyi"]
[Black "Mamedov, Rauf"]
[Result "0-1"]
[WhiteTitle ""]
[BlackTitle ""]
[WhiteElo "2530"]
[BlackElo "2646"]
[WhiteFideId "8603642"]
[BlackFideId "13401653"]
[EventDate "2023.02.03"]

1. d4 Nf6 2. c4 g6 3. Nc3 Bg7 4. e4 d6 5. h3 O-O 6. Be3 Nc6 7. d5 Ne5 8. f4 Ned7
9. Nf3 c6 10. Bd3 cxd5 11. cxd5 Nc5 12. Bc2 b5 13. Nd4 b4 14. Nc6 Qc7 15. Nb5
Qb7 16. e5 Qxb5 17. Nxe7+ Kh8 18. exf6 Bxf6 19. Bd4 Bxd4 20. Qxd4+ f6 21. O-O-O
b3 22. axb3 Nxb3+ 23. Bxb3 Qxb3 24. Rd3 Qb5 25. Kb1 Bd7 26. Rc1 Rae8 27. Re3
Rxe7 28. Rxe7 Bf5+ 29. Re4 Qe2 30. Rc4 Qxg2 31. Ka2 Bxe4 32. Qxe4 Qxe4 33. Rxe4
f5 34. Re7 g5 35. Rxa7 gxf4 36. Ra4 Kg7 37. Rxf4 Kf6 38. Rh4 Ke5 39. Rxh7 f4 40.
Re7+ Kxd5 41. Re1 f3 42. Rd1+ Ke4 43. Rxd6 f2 44. Rd1 f1=Q 45. Rxf1 Rxf1 46. b4
Kd5 47. Kb3 Rf3+ 48. Ka4 Kc6 49. h4 Rh3 0-1

[Event "Airthings Masters - Torneo Preliminare"]
[Site "Internet"]
[Date "03.02.2023"]
[Round "6"]
[White "Salem, A.R. Saleh"]
[Black "Chirila, Ioan-Cristian"]
[Result "1-0"]
[WhiteTitle ""]
[BlackTitle ""]
[WhiteElo "2677"]
[BlackElo "2543"]
[WhiteFideId "9301348"]
[BlackFideId "1211668"]
[EventDate "2023.02.03"]

1. d4 Nf6 2. c4 e6 3. Nc3 d5 4. cxd5 exd5 5. Bg5 Bb4 6. e3 h6 7. Bh4 g5 8. Bg3
h5 9. f3 h4 10. Bf2 g4 11. Qb3 Qe7 12. O-O-O c6 13. Nge2 h3 14. Ng3 hxg2 15.
Bxg2 gxf3 16. Bxf3 Ng4 17. Bxg4 Bxg4 18. Rde1 Na6 19. e4 O-O-O 20. exd5 Qd7 21.
dxc6 Qxc6 22. d5 Qc7 23. Re4 Bf3 24. Rc4 Nc5 25. Bxc5 Bxc5 26. Nb5 Qb6 27. Qxf3
Qxb5 28. Qb3 Qa5 29. Qc3 Qxa2 30. Rxc5+ Kb8 31. Ra5 1-0

[Event "Airthings Masters - Torneo Preliminare"]
[Site "Internet"]
[Date "03.02.2023"]
[Round "6"]
[White "Alekseenko, Kirill"]
[Black "Predke, Alexandr"]
[Result "0-1"]
[WhiteTitle ""]
[BlackTitle ""]
[WhiteElo "2686"]
[BlackElo "2684"]
[WhiteFideId "4135539"]
[BlackFideId "24107581"]
[EventDate "2023.02.03"]

1. e4 c5 2. Nf3 e6 3. d4 cxd4 4. Nxd4 a6 5. Nc3 b5 6. Bd3 Bb7 7. O-O Nc6 8. Nxc6
Bxc6 9. e5 Ne7 10. Qh5 Ng6 11. Bd2 Qh4 12. Qxh4 Nxh4 13. Ne4 Be7 14. Rad1 f5 15.
exf6 gxf6 16. f3 f5 17. Ng3 Rg8 18. Kh1 Kf7 19. Rfe1 Bd6 20. Bf1 Bxg3 21. hxg3
Rxg3 22. Bf4 Rg6 23. Rd6 Rag8 24. Rd2 Bxf3 25. Rxd7+ Ke8 26. Rxh7 Nxg2 27. Bxg2
Rxg2 28. Rxe6+ Kd8 29. Rd6+ Kc8 30. Rc6+ Bxc6 31. Rc7+ Kd8 32. Rxc6 Rg1+ 33. Kh2
R1g4 0-1

[Event "Airthings Masters - Torneo Preliminare"]
[Site "Internet"]
[Date "03.02.2023"]
[Round "6"]
[White "Yoo, Christopher Woojin"]
[Black "Hammer, Jon Ludvig"]
[Result "1-0"]
[WhiteTitle ""]
[BlackTitle ""]
[WhiteElo "2589"]
[BlackElo "2631"]
[WhiteFideId "30909694"]
[BlackFideId "1503707"]
[EventDate "2023.02.03"]

1. e4 e5 2. Nf3 Nc6 3. Bb5 Nf6 4. d4 exd4 5. O-O a6 6. Ba4 Be7 7. e5 Ne4 8. Nxd4
O-O 9. Re1 Nc5 10. Bxc6 dxc6 11. Nc3 f5 12. exf6 Bxf6 13. Be3 Ne6 14. Nf3 Bxc3
15. bxc3 Qf6 16. Qd3 Nf4 17. Qc4+ Nd5 18. Bd4 Qh6 19. Re7 Rf7 20. Rae1 Bf5 21.
Rxf7 Kxf7 22. Be3 Qf6 23. Bd4 Qh6 24. h4 Qd6 25. Re5 Bxc2 26. Qe2 Bb1 27. Ng5+
Kg8 28. Re8+ Rxe8 29. Qxe8+ Qf8 30. Qe6+ Kh8 31. Nf7+ Kg8 32. Nd6+ Kh8 33. Ne8
Bf5 34. Qe5 Qe7 35. Qg3 Nf6 36. Nxf6 gxf6 37. Qg5 1-0

[Event "Airthings Masters - Torneo Preliminare"]
[Site "Internet"]
[Date "03.02.2023"]
[Round "6"]
[White "Ponkratov, Pavel"]
[Black "Nguyen, Ngoc Truong Son"]
[Result "1-0"]
[WhiteTitle ""]
[BlackTitle ""]
[WhiteElo "2577"]
[BlackElo "2645"]
[WhiteFideId "4157800"]
[BlackFideId "12401110"]
[EventDate "2023.02.03"]

1. e4 e5 2. Nf3 Nc6 3. Bb5 Nf6 4. O-O Nxe4 5. Re1 Nd6 6. a4 Be7 7. Nc3 O-O 8. d4
e4 9. Nxe4 Nxe4 10. Rxe4 d5 11. Re1 Bg4 12. c3 Bd6 13. h3 Bh5 14. Bxc6 bxc6 15.
Qd3 a5 16. Ne5 Qe8 17. Qf1 f6 18. Nc4 Qd7 19. Nxd6 cxd6 20. b4 Rfb8 21. Bd2 Rb7
22. bxa5 Rb2 23. Qd3 Bg6 24. Qe3 h5 25. Bc1 Rc2 26. Qg3 Kh7 27. Ba3 c5 28. dxc5
dxc5 29. Bxc5 Rxa5 30. Bd4 Rxa4 31. Rxa4 Qxa4 32. Bxf6 Qa6 33. Bxg7 Kxg7 34.
Re7+ Kf8 35. Qc7 Be8 36. Re3 Qf6 37. Rf3 Qxf3 38. gxf3 Bf7 39. f4 Re2 40. f5 Re4
41. f6 Re6 42. Qd8+ Be8 43. Qxd5 Rxf6 44. c4 Bf7 45. Qd8+ Kg7 46. Qd4 Be6 47. h4
Bg4 48. c5 Bf3 49. Kf1 Kg6 50. Ke1 Re6+ 51. Kd2 Rf6 52. Kc3 Bc6 53. f4 Re6 54.
Qd3+ Kf6 55. Qg3 Be4 56. Qg5+ 1-0

[Event "Airthings Masters - Torneo Preliminare"]
[Site "Internet"]
[Date "03.02.2023"]
[Round "6"]
[White "Piorun, Kacper"]
[Black "Gledura, Benjamin"]
[Result "0-1"]
[WhiteTitle ""]
[BlackTitle ""]
[WhiteElo "2609"]
[BlackElo "2633"]
[WhiteFideId "1130420"]
[BlackFideId "712779"]
[EventDate "2023.02.03"]

1. d4 d5 2. Nf3 Nf6 3. e3 Bf5 4. b3 e6 5. Bb2 Nbd7 6. Be2 h6 7. O-O Be7 8. Nbd2
O-O 9. a3 c6 10. b4 a5 11. b5 c5 12. c4 Bh7 13. Ne5 cxd4 14. Bxd4 Rc8 15. cxd5
Nxe5 16. Bxe5 Qxd5 17. Nf3 Rfd8 18. Bd4 Ne4 19. Rc1 Bxa3 20. Rxc8 Rxc8 21. Qa1
Bb4 22. Bxg7 Bc3 23. Bxc3 Nxc3 24. Re1 Nxe2+ 25. Rxe2 Qxb5 26. Re1 a4 27. h3 Ra8
28. Nd4 Qb4 29. Rd1 a3 30. Nxe6 fxe6 31. Qf6 Qf8 32. Qxe6+ Qf7 33. Qg4+ Qg7 34.
Qe6+ Kh8 35. Rc1 a2 0-1

[Event "Airthings Masters - Torneo Preliminare"]
[Site "Internet"]
[Date "03.02.2023"]
[Round "6"]
[White "Narayanan, S.L."]
[Black "Yakubboev, Nodirbek"]
[Result "0-1"]
[WhiteTitle ""]
[BlackTitle ""]
[WhiteElo "2669"]
[BlackElo "2630"]
[WhiteFideId "5058422"]
[BlackFideId "14203987"]
[EventDate "2023.02.03"]

1. e4 c5 2. Nf3 Nc6 3. Nc3 Nf6 4. Bb5 Qc7 5. O-O Nd4 6. Re1 a6 7. Bf1 Ng4 8. g3
Nxf3+ 9. Qxf3 Ne5 10. Qd1 e6 11. Bg2 Be7 12. d3 O-O 13. f4 Nc6 14. e5 b6 15. Ne4
Bb7 16. Be3 d6 17. exd6 Bxd6 18. c3 Rad8 19. Qe2 Rd7 20. Rad1 Rfd8 21. a3 Ne7
22. Kh1 Nf5 23. Bg1 Be7 24. b4 Bc6 25. bxc5 bxc5 26. Rd2 Qa5 27. Red1 h6 28. Bf2
Ba4 29. Rb1 Bb5 30. Rbd1 Qxa3 31. c4 Ba4 32. Rb1 Rxd3 33. Rxd3 Rxd3 34. Nxc5
Rd1+ 35. Rxd1 Bxd1 36. Qxd1 Bxc5 37. Be1 Qe3 38. Ba5 Nd6 39. Bc7 Ne4 40. Qb1
Nf2+ 41. Kg1 Nd1+ 0-1

[Event "Airthings Masters - Torneo Preliminare"]
[Site "Internet"]
[Date "03.02.2023"]
[Round "6"]
[White "Grover, Sahaj"]
[Black "Williams, Simon K"]
[Result "0-1"]
[WhiteTitle ""]
[BlackTitle ""]
[WhiteElo "2509"]
[BlackElo "2465"]
[WhiteFideId "5021103"]
[BlackFideId "404454"]
[EventDate "2023.02.03"]

1. e4 c5 2. Nf3 d6 3. d4 cxd4 4. Nxd4 Nf6 5. Nc3 g6 6. f4 Nbd7 7. Bb5 a6 8.
Bxd7+ Nxd7 9. Be3 Bg7 10. Qf3 O-O 11. Nde2 b5 12. e5 Rb8 13. exd6 Bb7 14. Qf2 b4
15. Na4 exd6 16. Bd4 Nf6 17. O-O-O Qa5 18. b3 Bc6 19. Bxf6 Bxf6 20. Rxd6 Bxa4
21. Rxf6 Bxb3 22. Nd4 Bxa2 23. Re1 b3 24. cxb3 Bxb3 25. Rc6 Rfd8 26. Nxb3 Rxb3 0-1

[Event "Airthings Masters - Torneo Preliminare"]
[Site "Internet"]
[Date "03.02.2023"]
[Round "6"]
[White "Sadhwani, Raunak"]
[Black "Ibarra Jerez, Jose Carlos"]
[Result "1-0"]
[WhiteTitle ""]
[BlackTitle ""]
[WhiteElo "2627"]
[BlackElo "2563"]
[WhiteFideId "35093487"]
[BlackFideId "2226332"]
[EventDate "2023.02.03"]

1. d4 Nf6 2. Nc3 d5 3. Bf4 c5 4. e3 cxd4 5. exd4 Bg4 6. f3 Bd7 7. Nb5 Bxb5 8.
Bxb5+ Nc6 9. Qd2 Qb6 10. Bxc6+ bxc6 11. c3 e6 12. Ne2 Be7 13. h4 c5 14. h5 h6
15. g4 cxd4 16. Nxd4 Nd7 17. O-O-O Nc5 18. Kb1 O-O-O 19. Be3 Qa6 20. Nb3 Nxb3
21. axb3 Bf6 22. f4 d4 23. cxd4 Qb7 24. Qd3 Kb8 25. g5 Be7 26. gxh6 gxh6 27. f5
Rd5 28. fxe6 fxe6 29. Rhf1 Bd6 30. Rf6 Rb5 31. Rxe6 Rxb3 32. Qe2 Ra3 33. Bf4
Qh7+ 34. Qe4 Qxe4+ 35. Rxe4 Ra6 36. Re6 Kc7 37. Rg1 Rd8 38. Rxh6 Rb6 39. Rxd6
Rdxd6 40. Rg6 1-0

[Event "Airthings Masters - Torneo Preliminare"]
[Site "Internet"]
[Date "03.02.2023"]
[Round "6"]
[White "Kevlishvili, Robby"]
[Black "Suleymanli, Aydin"]
[Result "0-1"]
[WhiteTitle ""]
[BlackTitle ""]
[WhiteElo "2537"]
[BlackElo "2552"]
[WhiteFideId "1040634"]
[BlackFideId "13413937"]
[EventDate "2023.02.03"]

1. e4 c5 2. Nf3 e6 3. d4 cxd4 4. Nxd4 Nf6 5. Nc3 Nc6 6. Ndb5 d6 7. Bf4 e5 8. Bg5
a6 9. Na3 b5 10. Nd5 Be7 11. Bxf6 Bxf6 12. c3 O-O 13. Nc2 g6 14. g3 Be6 15. h4
h5 16. Bh3 Bg7 17. Kf1 Bxd5 18. Qxd5 Ne7 19. Qd3 d5 20. exd5 Qd6 21. Rd1 f5 22.
Kg2 Rac8 23. Kh2 Rfd8 24. Ne3 e4 25. Qe2 Rc5 26. Rhe1 Bf6 27. Kg2 Nxd5 28. Nxf5
gxf5 29. Qxh5 Qe7 30. Bxf5 e3 31. b4 Rxc3 32. Qg4+ Kh8 33. Qh5+ Kg8 34. Qg4+ Kh8
35. Qh5+ Kg7 36. Qg4+ Kf7 37. Be4 Qe5 38. Qf3 exf2 39. Qxf2 Ne3+ 40. Rxe3 Rxe3 0-1

[Event "Airthings Masters - Torneo Preliminare"]
[Site "Internet"]
[Date "03.02.2023"]
[Round "6"]
[White "Aronian, Levon"]
[Black "Blomqvist, Erik"]
[Result "1/2-1/2"]
[WhiteTitle ""]
[BlackTitle ""]
[WhiteElo "2736"]
[BlackElo "2510"]
[WhiteFideId "13300474"]
[BlackFideId "1709437"]
[EventDate "2023.02.03"]

1. e4 c5 2. Nf3 d6 3. c3 Nf6 4. Be2 g6 5. O-O Bg7 6. d3 O-O 7. Be3 Nc6 8. Nbd2
e5 9. a3 a5 10. a4 h6 11. Ne1 Be6 12. g3 Qd7 13. f3 b6 14. Nc4 Rab8 15. Qc1 Kh7
16. Bf2 d5 17. Ne3 h5 18. N1g2 Bh6 19. Qe1 Bh3 20. Kh1 Rfe8 21. Rg1 d4 22. Nc4
Ng8 23. Nh4 Nge7 24. g4 hxg4 25. fxg4 Bf4 26. Bg3 Kg7 27. Nf5+ Nxf5 28. gxf5 Rh8
29. Qf2 Qc7 30. Bxf4 exf4 31. Bg4 Ne5 32. Bxh3 Nxd3 33. f6+ Kxf6 34. Qf3 Rxh3
35. Rg3 Rbh8 36. e5+ Kg7 37. Rxh3 Rxh3 38. Qd5 Qe7 39. Nd6 Nxe5 40. Re1 Nf3 41.
Re2 Qxe2 42. Qxf7+ Kh6 43. Qf8+ Kh5 44. Qh8+ Kg4 45. Qc8+ Kg5 46. Qd8+ Kg4 47.
Qc8+ Kh4 48. Qh8+ Kg4 49. Qc8+ 1/2-1/2

[Event "Airthings Masters - Torneo Preliminare"]
[Site "Internet"]
[Date "03.02.2023"]
[Round "6"]
[White "Mikaelyan, Arman"]
[Black "Chigaev, Maksim"]
[Result "0-1"]
[WhiteTitle ""]
[BlackTitle ""]
[WhiteElo "2496"]
[BlackElo "2632"]
[WhiteFideId "13304852"]
[BlackFideId "4108116"]
[EventDate "2023.02.03"]

1. d4 Nf6 2. c4 g6 3. Nc3 Bg7 4. e4 O-O 5. f4 d6 6. Nf3 c5 7. d5 e6 8. Be2 exd5
9. cxd5 Nbd7 10. O-O Re8 11. Bd3 c4 12. Bc2 Nc5 13. e5 dxe5 14. fxe5 Ng4 15. Qd4
Qb6 16. Bf4 Nxe5 17. Nxe5 Bxe5 18. Bxe5 Rxe5 19. Kh1 Nd3 20. Qxb6 axb6 21. b3
Nb4 22. Be4 Bd7 23. a3 cxb3 24. axb4 Rc8 25. Rf3 f5 26. Rb1 fxe4 27. Re3 Rc4 28.
Rxb3 Kf7 29. h3 Ke7 30. Rb1 Kd6 31. Kh2 h5 32. Rf1 Rxb4 33. Rf6+ Kc5 34. Rxg6
Kd4 35. Rgg3 h4 36. Ne2+ Kxd5 37. Rg7 Bc6 38. Rc3 e3 39. Rd3+ Kc5 40. Rc3+ Rc4
41. Rd3 b5 42. Rg4 Rxg4 43. hxg4 b4 44. Kh3 Bb5 45. Nf4 Bxd3 46. Nxd3+ Kd4 0-1

[Event "Airthings Masters - Torneo Preliminare"]
[Site "Internet"]
[Date "03.02.2023"]
[Round "6"]
[White "Nesterov, Arseniy"]
[Black "Oparin, Grigoriy"]
[Result "0-1"]
[WhiteTitle ""]
[BlackTitle ""]
[WhiteElo "2568"]
[BlackElo "2667"]
[WhiteFideId "24198455"]
[BlackFideId "24125890"]
[EventDate "2023.02.03"]

1. d4 Nf6 2. c4 e6 3. g3 d5 4. Bg2 Be7 5. Nf3 O-O 6. O-O dxc4 7. Qc2 a6 8. a4
Bd7 9. Rd1 Bc6 10. Nc3 Nd5 11. e4 Nb4 12. Qe2 Nd3 13. Be3 b5 14. axb5 axb5 15.
Rxa8 Bxa8 16. Nxb5 Bxe4 17. b3 cxb3 18. Rxd3 b2 19. Nc3 Bxd3 20. Qxd3 c5 21. Qb5
Bf6 22. Ne4 Bxd4 23. Nxd4 cxd4 24. Bd2 Nc6 25. Qxb2 Ne5 26. Bg5 Qa5 27. h4 h6
28. Bd2 Qa4 29. Kh2 f5 30. Nc5 Qd1 31. Qxd4 Ng4+ 32. Kh3 e5 33. Qd5+ Kh8 34. Bf3
Qf1+ 35. Bg2 Nxf2+ 36. Kh2 Ng4+ 37. Kh3 Qg1 0-1

[Event "Airthings Masters - Torneo Preliminare"]
[Site "Internet"]
[Date "03.02.2023"]
[Round "6"]
[White "Martinez Alcantara, Jose Eduardo"]
[Black "Malakhov, Vladimir"]
[Result "1-0"]
[WhiteTitle ""]
[BlackTitle ""]
[WhiteElo "2607"]
[BlackElo "2650"]
[WhiteFideId "3805662"]
[BlackFideId "4120787"]
[EventDate "2023.02.03"]

1. e4 e5 2. Nf3 Nc6 3. Nc3 Nf6 4. h3 Bd6 5. Bc4 O-O 6. d3 a6 7. a3 b5 8. Ba2 Bb7
9. Be3 Ne7 10. Nh4 b4 11. Ne2 bxa3 12. bxa3 Bxa3 13. O-O d6 14. Bg5 Ng6 15. Ng3
Nxh4 16. Bxh4 h6 17. Nf5 Bc8 18. Bd5 Bxf5 19. Bxa8 Bc5 20. Rxa6 Bc8 21. Ra2 g5
22. Bg3 Be6 23. c4 Bd7 24. Bb7 c6 25. Ra8 Qc7 26. Rxf8+ Kxf8 27. Qb3 Nh5 28. Kh2
Ng7 29. Ra1 Ne6 30. Ra8+ Kg7 31. Ba6 Bb6 32. Qb2 f6 33. f3 h5 34. Bf2 Bxf2 35.
Qxf2 Nc5 36. Qe3 Be6 37. h4 gxh4 38. Qf2 Bf7 39. Bc8 Nxd3 40. Qxh4 Nf4 41. Bf5
Qb7 42. Rd8 Ng6 43. Bxg6 Bxg6 44. Rxd6 1-0

[Event "Airthings Masters - Torneo Preliminare"]
[Site "Internet"]
[Date "03.02.2023"]
[Round "6"]
[White "Grischuk, Alexander"]
[Black "Kravtsiv, Martyn"]
[Result "1-0"]
[WhiteTitle ""]
[BlackTitle ""]
[WhiteElo "2745"]
[BlackElo "2598"]
[WhiteFideId "4126025"]
[BlackFideId "14113147"]
[EventDate "2023.02.03"]

1. d4 d5 2. Nf3 Nf6 3. Bg5 Ne4 4. Bh4 c5 5. e3 Qb6 6. Nc3 Nxc3 7. bxc3 Nc6 8. c4
e6 9. c3 Be7 10. cxd5 exd5 11. Bxe7 Nxe7 12. Qa4+ Bd7 13. Qa3 c4 14. Be2 Nf5 15.
Ne5 Qd6 16. Qb2 Qc7 17. Bg4 Be6 18. Bxf5 Bxf5 19. Qb5+ Ke7 20. Qxd5 Be6 21. Qe4
f6 22. Nf3 Kf7 23. O-O Qd7 24. Qf4 Ke7 25. e4 g5 26. Qe3 Kf7 27. d5 Bg4 28. Nd4
Rhe8 29. Rae1 h6 30. f4 Kg8 31. Qg3 Kh7 32. fxg5 fxg5 33. e5 Bh5 34. d6 Rad8 35.
Rf6 Qg7 36. Ne6 Rxe6 37. Rxe6 Rf8 38. Re7 Rf7 39. Rxf7 Qxf7 40. e6 Qf6 41. d7
Qe7 42. Qc7 1-0

[Event "Airthings Masters - Torneo Preliminare"]
[Site "Internet"]
[Date "03.02.2023"]
[Round "6"]
[White "Shimanov, Aleksandr"]
[Black "Pranav, Anand"]
[Result "1-0"]
[WhiteTitle ""]
[BlackTitle ""]
[WhiteElo "2581"]
[BlackElo "2525"]
[WhiteFideId "4198603"]
[BlackFideId "46626786"]
[EventDate "2023.02.03"]

1. c4 e6 2. g3 d5 3. Bg2 Nf6 4. Nf3 dxc4 5. Qa4+ Nbd7 6. Qxc4 a6 7. Qc2 c5 8.
Nc3 e5 9. a4 Bd6 10. O-O O-O 11. d3 Re8 12. Nd2 Bc7 13. Nc4 h6 14. Be3 Ng4 15.
Bd2 Nf8 16. Nd5 a5 17. Qb3 Ra6 18. Qb5 Ne6 19. Nxc7 Nxc7 20. Qxc5 Ne6 21. Qd5
Qxd5 22. Bxd5 Nd4 23. Rae1 Nf6 24. Bg2 Bg4 25. f3 Bf5 26. Bc3 Nxe2+ 27. Rxe2
Bxd3 28. Rxe5 Bxc4 29. Rxe8+ Nxe8 30. Rd1 Bb3 31. Rd8 Bxa4 32. f4 Rd6 33. Bxa5
Rxd8 34. Bxd8 Bc6 35. Bf1 Nd6 36. Kf2 h5 37. Ke3 f6 38. Be2 h4 39. g4 Bb5 40.
Bf3 Bc6 41. Bd1 Nc4+ 42. Kd4 Nd2 43. Ke3 Nc4+ 44. Ke2 Nxb2 45. Bb3+ Kh7 46. g5
Kg6 47. Be6 Bd5 48. Bxd5 Kf5 49. Kf3 b5 50. Be4+ Ke6 51. f5+ Ke5 52. Ba5 Na4 53.
g6 Kd4 54. Bb4 Nc5 55. Bxc5+ Kxc5 56. Kg4 Kd4 57. Bb1 Ke5 58. h3 b4 59. Bc2 1-0

[Event "Airthings Masters - Torneo Preliminare"]
[Site "Internet"]
[Date "03.02.2023"]
[Round "6"]
[White "Dreev, Aleksey"]
[Black "Kovalev, Vladislav"]
[Result "0-1"]
[WhiteTitle ""]
[BlackTitle ""]
[WhiteElo "2606"]
[BlackElo "2623"]
[WhiteFideId "4100107"]
[BlackFideId "13504398"]
[EventDate "2023.02.03"]

1. d4 Nf6 2. c4 e6 3. Nc3 Bb4 4. Qc2 b6 5. a3 Bxc3+ 6. Qxc3 Bb7 7. e3 O-O 8. Nf3
d6 9. b3 Nbd7 10. Bb2 Ne4 11. Qc2 f5 12. Nd2 Qh4 13. g3 Qh5 14. Bg2 Ndf6 15. Qd1
Qh6 16. Nxe4 Bxe4 17. O-O Bxg2 18. Kxg2 g5 19. h3 g4 20. Rh1 Qg6 21. Qe2 Ne4 22.
Rh2 Rf7 23. Rah1 Raf8 24. Kf1 Ng5 25. Qc2 Nf3 26. Rg2 h5 27. Ke2 e5 28. Kd1 c5
29. Kc1 Re8 30. hxg4 hxg4 31. dxe5 dxe5 32. Qd3 Rh7 33. Rgg1 Nxg1 34. Rxg1 Rh2
35. Rh1 Rxh1+ 36. Kc2 Rh2 37. Bc3 Rxf2+ 38. Kb1 Qc6 0-1

[Event "Airthings Masters - Torneo Preliminare"]
[Site "Internet"]
[Date "03.02.2023"]
[Round "6"]
[White "Iskusnyh, Sergei"]
[Black "Kaufman, Lawrence"]
[Result "1-0"]
[WhiteTitle ""]
[BlackTitle ""]
[WhiteElo "2443"]
[BlackElo "2188"]
[WhiteFideId "4120027"]
[BlackFideId "2000555"]
[EventDate "2023.02.03"]

1. d4 Nf6 2. c4 e6 3. g3 Bb4+ 4. Bd2 Be7 5. Bg2 d5 6. Nf3 O-O 7. O-O c6 8. Qc2
b6 9. b3 Bb7 10. Bc3 Nbd7 11. Nbd2 Rc8 12. e4 dxe4 13. Nxe4 c5 14. Nxf6+ Bxf6
15. Rad1 Bxf3 16. Bxf3 Bxd4 17. Bxd4 cxd4 18. Rxd4 Qe7 19. Rfd1 Nf6 20. Qd2 e5
21. Qe3 Rfe8 22. Rd6 e4 23. Bg2 h6 24. Qf4 e3 25. fxe3 Qxe3+ 26. Qxe3 Rxe3 27.
Rd8+ Rxd8 28. Rxd8+ Kh7 29. Ra8 Ng4 30. Rxa7 Re1+ 31. Bf1 f5 32. h3 Ne3 33. Kf2
Rxf1+ 34. Kxe3 Rh1 35. h4 Kg6 36. Rb7 Kh5 37. Rxg7 Ra1 38. Kf3 Rxa2 39. Rb7 Rc2
40. Rxb6 Rc3+ 41. Kf4 Rxc4+ 42. Kxf5 Rc3 43. g4+ Kxh4 44. Rxh6+ Kg3 45. g5 Rxb3
46. Rc6 1-0

[Event "Airthings Masters - Torneo Preliminare"]
[Site "Internet"]
[Date "03.02.2023"]
[Round "6"]
[White "Tristan, Leonardo"]
[Black "Kobo, Ori"]
[Result "0-1"]
[WhiteTitle ""]
[BlackTitle ""]
[WhiteElo "2545"]
[BlackElo "2548"]
[WhiteFideId "113816"]
[BlackFideId "2812320"]
[EventDate "2023.02.03"]

1. d4 Nf6 2. c4 g6 3. Nc3 Bg7 4. e4 d6 5. Nf3 O-O 6. Be2 e5 7. d5 a5 8. Be3 Ng4
9. Bg5 f6 10. Bh4 Nd7 11. Nd2 Nh6 12. f3 Nf7 13. Bf2 f5 14. g4 fxg4 15. fxg4 Bh6
16. h4 Bf4 17. Qc2 Nc5 18. Rg1 Bd7 19. Rg2 c6 20. O-O-O a4 21. Kb1 Qa5 22. g5 a3
23. b3 Bh3 24. Rgg1 Rac8 25. Bg4 Bxg4 26. Rxg4 Na6 27. Nf1 Nb4 28. Qe2 b5 29. c5
Nxd5 30. Nxd5 cxd5 31. Rxd5 dxc5 32. Bxc5 Qc3 33. Bxa3 Rfd8 34. Bb2 Qc6 35. Qd1
Rxd5 36. exd5 Qc5 37. Ng3 Nd6 38. Ne2 Qe3 39. Nxf4 exf4 40. Rg1 Qe4+ 41. Ka1 Nf5
42. d6 Rd8 43. Re1 Ne3 44. Re2 Rxd6 45. Qxd6 Qh1+ 0-1